Normal view MARC view

Entry Personal Name

Number of records used in: 1

001 - CONTROL NUMBER

  • control field: 511594

003 - CONTROL NUMBER IDENTIFIER

  • control field: OSt

005 - DATE AND TIME OF LATEST TRANSACTION

  • control field: 20220928145106.0

008 - FIXED-LENGTH DATA ELEMENTS

  • fixed length control field: 220928|| aca||aabn | a|a d

040 ## - CATALOGING SOURCE

  • Original cataloging agency: OSt
  • Transcribing agency: OSt

100 ## - HEADING--PERSONAL NAME

  • Personal name: Dhameja Nand

670 ## - SOURCE DATA FOUND

  • Source citation: Work cat.: (OSt)831889: Dhameja Nand, Public sector restructuring and privatisation ; including urban infrastructure and public service finance., 2002
Copyright @ Delhi University Library System